Movies in London Quiz Stats

 Plays Quiz Updated Dec 11, 2017

Challenge
Share
Tweet
Score 0/25 Timer 08:00
0 Plays Today
% Correct
Mary Poppins
95.2%
Sherlock Holmes
90.4%
The King's Speech
90.2%
Oliver!
87.7%
A Clockwork Orange
84%
The Elephant Man
81.1%
V for Vendetta
79.3%
Notting Hill
78.2%
Bridget Jones's Diary
77.9%
Skyfall
76%
About a Boy
74.7%
Shaun of the Dead
74.4%
The Bourne Ultimatum
66.2%
% Correct
Kingsman: The Secret Service
66%
28 Days Later
62.4%
An American Werewolf in London
61.8%
Snatch
57.5%
The Prestige
54.9%
A Fish Called Wanda
48.6%
Children of Men
47.2%
Nineteen Eighty-Four
45.1%
Sliding Doors
42.8%
Tinker Tailor Soldier Spy
41.6%
Flushed Away
39.1%
Closer
28.5%

You're not logged in!

Compare scores with friends on all Sporcle quizzes.
Join for Free
OR
Log In

You Might Also Like...

Show Comments

Extras

Top Quizzes Today


Score Distribution

Your Account Isn't Verified!

In order to create a playlist on Sporcle, you need to verify the email address you used during registration. Go to your Sporcle Settings to finish the process.

Report this User

Report this user for behavior that violates our Community Guidelines.

Details: